书目信息 |
| 题名: |
浴血十六国
|
|
| 作者: | 再叹峥嵘 著 | |
| 分册: | 第二部 | |
| 出版信息: | 北京 中国文史出版社 2019 |
|
| 页数: | 288页 | |
| 开本: | 24cm | |
| 丛书名: | ||
| 单 册: | ||
| 中图分类: | K238.09 | |
| 科图分类: | ||
| 主题词: | 五胡十六国时代--wu hu shi liu guo shi dai--历史--通俗读物 | |
| 电子资源: | ||
| ISBN: | 978-7-5205-1447-7 | |
| 000 | 00893nam0 2200241 450 | |
| 001 | 2159243285 | |
| 005 | 20210930164450.12 | |
| 010 | @a978-7-5205-1447-7@dCNY52.00 | |
| 100 | @a20200606d2019 em y0chiy50 ea | |
| 101 | 0 | @achi |
| 102 | @aCN@b110000 | |
| 105 | @ay z 000yy | |
| 106 | @ar | |
| 200 | 1 | @a浴血十六国@Ayu xue shi liu guo@h第二部@f再叹峥嵘著 |
| 210 | @a北京@c中国文史出版社@d2019 | |
| 215 | @a288页@d24cm | |
| 314 | @a再叹峥嵘,原名周百韬,生于1986年,山东临沂人。 | |
| 330 | @a本书以《晋书》为蓝本,用七个篇幅讲述了十六国时期的历史。书中详细讲述了十六国从兴起到灭亡发生的重大事件,包括两晋在此期间所组织的历次北伐战争。文笔风趣流畅,史料考据严谨。 | |
| 606 | 0 | @a五胡十六国时代@Awu hu shi liu guo shi dai@x历史@j通俗读物 |
| 690 | @aK238.09@v5 | |
| 701 | 0 | @a再叹峥嵘@Azai tan zheng rong@4著 |
| 801 | 0 | @aCN@b百万庄@c20210926 |
| 905 | @b1298988-991@dK238.09@e138:2@f4 | |
| 浴血十六国.第二部/再叹峥嵘著.-北京:中国文史出版社,2019 |
| 288页;24cm |
| ISBN 978-7-5205-1447-7:CNY52.00 |
| 本书以《晋书》为蓝本,用七个篇幅讲述了十六国时期的历史。书中详细讲述了十六国从兴起到灭亡发生的重大事件,包括两晋在此期间所组织的历次北伐战争。文笔风趣流畅,史料考据严谨。 |
| ● |
| 相关链接 |
|
|
|
|
正题名:浴血十六国
索取号:K238.09/138:2
 
预约/预借
| 序号 | 登录号 | 条形码 | 馆藏地/架位号 | 状态 | 备注 |
| 1 | 1298988 | 212989881 | 第二样本阅览室/ [索取号:K238.09/138:2] | 在馆 | |
| 2 | 1298989 | 212989890 | 第二借阅区/ [索取号:K238.09/138:2] | 在馆 | |
| 3 | 1298990 | 212989907 | 第二借阅区/ [索取号:K238.09/138:2] | 在馆 | |
| 4 | 1298991 | 212989916 | 第二借阅区/ [索取号:K238.09/138:2] | 在馆 |